مدخل الى الطب البديل العودة الى الطبيعة / (رقم التسجيلة. 110411)

تفاصيل مارك
000 -LEADER
fixed length control field 00396nam a22001217a 4500
005 - DATE AND TIME OF LATEST TRANSACTION
control field 20251108173714.0
008 - FIXED-LENGTH DATA ELEMENTS--GENERAL INFORMATION
fixed length control field 250721s2006 xx 000 0 ara d
100 1# - MAIN ENTRY--PERSONAL NAME
Personal name جعفر, حسان عدنان
245 10 - TITLE STATEMENT
Title مدخل الى الطب البديل العودة الى الطبيعة /
264 1# - PRODUCTION, PUBLICATION, DISTRIBUTION, MANUFACTURE, AND COPYRIGHT NOTICE
Place of production, publication, distribution, manufacture بيروت :
Name of producer, publisher, distributor, manufacturer دار ومكتبة الهلال،
Date of production, publication, distribution, manufacture, or copyright notice 2006.
942 ## - ADDED ENTRY ELEMENTS (KOHA)
Source of classification or shelving scheme Dewey Decimal Classification
Koha item type كتب
المقتنيات
حالة السحب حالة الفقدان مصدر التصنيف حالة التلف غير قابل للإعارة المكتبة الرئيسية المكتبة الحالية تاريخ التزويد الرقم المتسلسل Total Checkouts الباركود تاريخ آخر ظهور تاريخ الفاتورة نوع المادة (كوها)
    Dewey Decimal Classification     مكتبة مرج الحمام مكتبة مرج الحمام 28/07/2025 1148925   1148925 28/07/2025 28/07/2025 كتب
Implemented & Customized by: BBB with SCIT (Smart Chains for Information Technology)

Powered by Koha